| 000 | 00599nam a2200181 4500 | ||
|---|---|---|---|
| 001 | 112671 | ||
| 003 | ES-MaACL | ||
| 005 | 20250829062532.0 | ||
| 007 | t| | ||
| 008 | 061121s1999 sp r ||||1| spa d | ||
| 100 | 1 |
_aNieto Gallo, Gratiniano. _985689 |
|
| 245 | 1 | 0 |
_aPrehistoria / _cbajo la dirección de Gratiniano Nieto Gallo. |
| 260 |
_aMadrid : _bUniversidad Nacional de Educación a Distancia, _c1980. |
||
| 300 |
_a439 p. : _bil. ; _c30 cm. |
||
| 710 | 2 |
_aUniversidad Nacional de Educación a Distancia (España) _97405 |
|
| 852 |
_aES-MaACL _jL-3254 _bR.104135 |
||
| 999 |
_c112671 _d112671 |
||